Zadávanie podlimitných civilných zákaziek
Novela zákona o verejnom obstarávaní, ktorá je účinná od 1. augusta 2024, zlúčila podlimitné zákazky a zákazky s nízkou hodnotou, čím došlo k zjednoteniu pravidiel pre uvedené zákazky. V nasledujúcom príspevku sa autorka venuje téme zadávania podlimitných zákaziek.
Uložené v:
| Hlavný autor: | |
|---|---|
| Médium: | Kapitola |
| Jazyk: | Slovak |
| Predmet: | |
| Tagy: |
Žiadne tagy, Buďte prvý, kto otaguje tento záznam!
|
MARC
| LEADER | 00000naa a2200000 4500 | ||
|---|---|---|---|
| 001 | 0307328 | ||
| 005 | 20250226120153.8 | ||
| 041 | 0 | |a slo | |
| 044 | |a SK | ||
| 245 | 1 | 0 | |a Zadávanie podlimitných civilných zákaziek |c Magdaléna Scheberová |
| 520 | |a Novela zákona o verejnom obstarávaní, ktorá je účinná od 1. augusta 2024, zlúčila podlimitné zákazky a zákazky s nízkou hodnotou, čím došlo k zjednoteniu pravidiel pre uvedené zákazky. V nasledujúcom príspevku sa autorka venuje téme zadávania podlimitných zákaziek. | ||
| 610 | 2 | 0 | |a legislatíva |
| 610 | 2 | 0 | |a novelizácia |
| 610 | 2 | 0 | |a zákazky |
| 610 | 2 | 0 | |a obstarávanie verejné |
| 100 | 1 | |a Scheberová, Magdaléna | |